000 00197nam a22000977a 4500
999 _c12399
_d12399
082 _a616.89
100 _aGerald Davison, John Neale
245 _aAbnormal Psychology
250 _a12th
942 _cBK